1427 1450 1149 1795 1888 1749 1036 1977 1513 1360 1838 1566 1109 1302 1683 1458 1891 1911 1689 1873 1895 1137 1359 1227 1829 1448 1260 1160 1056 1343 1516 1850 1710 1448 1465 1974 1943 1290 1225 1172 1105 1721 1635 1736 1344 1430 1881 1268 1040 1988 1036 1866 1071 1279 1674 1351 1072 1144 1954 1397 1959 1158 1107 1429 1142 1653 1378 1156 1674 1747 1889 1126 1170 1668 1150 1422 1893 1950 1007 1147 1796 1327 1318 1623 1921 1340 1468 1769 1738 1763 1502 1999 1766 1395 1326 1923 1341 1295 1735 BCNSPRNW ULIB Ver.6.0+V

เปลี่ยนเป็นภาษาไทย

Change to English
 แสดงรายละเอียดบรรณานุกรม
  กลับหน้าหลัก

Brief Record : Get Marc (ISO 2709) : E-mail record : QR code < ปิดหน้าต่าง
LEADER : 00000nam 2200000uu 4500
001    13399122186
003     ULIB
008    130108s2555||||th 000 0 tha d
060  4 WK810^bส293ค
110 1  สมาคมผู้ให้ความรู้โรคเบาหวาน
245 00 โครงการอบรมผู้ให้ความรู้โรคเบาหวาน หลักสูตรพื้นฐาน/^cสมาคมผู้ให้ความรู้โรคเบาหวาน
260    กรุงเทพฯ:^bสมาคมผู้ให้ความรู้โรคเบาหวาน,[2555]
300    272 หน้า
650  0 โรคเบาหวาน^xการอบรม
945    ^p395^l0^i033389
995    เกษร
999    ^aใช้งานได้ทุกระบบ
รายการนี้ยังไม่มีแท็ก
คุณยังไม่ได้ล็อกอิน คุณสามารถมีกิจกรรมร่วมกับเว็บไซต์ได้ แต่ต้องล็อกอินก่อน ::
  ล็อกอิน

รายการสื่อสารสนเทศ

ลำดับที่ ประเภท เลขเรียก/บาร์โค้ด สถานที่ สถานะ
1. วิทยาศาสตร์การแพทย์ และสุขภาพ
หนังสือสำรอง
สถานะ=หนังสือสำรอง
WK810 ส293ค ฉ.1 
  Barcode: 033389
ห้องสมุดวิทยาเขตสวรรค์ประชารักษ์
►หนังสือทั่วไป
บนชั้น

BibComment


ยังไม่เคยถูกคอมเมนท์

คอมเมนท์ทรัพยากรรายการนี้
  คอมเมนท์: โครงการอบรมผู้ให้..


 Copyright 2026. Bcnsprnw @Library